Statistiken für Früheste Domestizierung von Tieren

Klicken Sie hier um das Quiz zu spielen!

Allgemein

  • Dieses Quiz wurde 60 mal gespielt
  • Das Durchschnittsergebnis liegt bei 10 aus 15

Antwortstatistiken

Wenn Gezähmte Tiere % Korrekt
13000 v. Chr.Hund
100%
8000 - 7500 v. Chr.Katze
98%
3500 v. Chr.Pferd
98%
8000 v. Chr.Vieh
96%
6000 v. Chr.Huhn
87%
10000 v. Chr.Ziege
87%
9000 v. Chr.Schwein
87%
9000 - 8500 v. Chr.Schaf
85%
5000 v. Chr.Esel
77%
4000 v. Chr.Ente
62%
4000 v. Chr.Kamel
57%
5000 v. Chr.Meerschweinchen
43%
4000 v. Chr.Biene
23%
4000 v. Chr.Wasserbüffel
6%
8000 v. Chr.Zebu
6%

Verteilung der Resultate

Perzentil nach korrekt beantworteten Fragen

Anzahl Personen mit jedem Resultat

Ihre Resultats-Entwicklung

Sie haben dieses Quiz noch nicht gespielt